Vilém Flusser y la cultura de la imagen

Saved in:
Bibliografiske detaljer
Hovedforfatter: Onetto Muñoz, Breno (autor)
Format: Bog
Sprog:spansk
Udgivet: Valdivia Ediciones UACH 2016
Udgivelse:1a. ed
Serier:Patrimonio Institucional
Fag:
Tags: Tilføj Tag
Ingen Tags, Vær først til at tagge denne postø!

MARC

LEADER 00000cam a2200000 a 4500
001 UCD8559
003 CL-VaPUC
005 20221026111800.0
008 170519e20160000cl |||||||||||||||||spa|d
999 |c 367941  |d 367939 
020 |a 9789569412615 
040 |c Pontificia Universidad Católica de Valparaíso 
082 0 4 |a Ch864  |b ONE  |2 21 
100 |a Onetto Muñoz, Breno  |e autor  |9 592082 
245 1 0 |a Vilém Flusser y la cultura de la imagen 
250 |a 1a. ed 
260 |a Valdivia  |b Ediciones UACH  |c 2016 
300 |a 137 p 
490 0 |a Patrimonio Institucional 
583 |a last modification  |c 20170519 15:42:00  |k Rodrigo Vera 
600 |a Flusser, Vilém,  |d 1920-1991  |9 877978 
650 0 |a Ensayos chilenos   |9 269132 
650 7 |a CULTURA CHILENA  |2 CL-VaPUC  |9 321109 
650 0 |a Filosofía contemporánea  |9 265372 
942 |c BK  |2 ddc 
945 |d 20170519 15:42:00  |a dcastane 
952 |0 0  |1 0  |3 erb  |4 0  |6 CH_864_000000000000000_ONE_2016  |7 0  |8 A  |9 483162  |a BIBART  |b BIBART  |i 5376068  |o Ch864 ONE 2016  |p 5376068  |r 2025-03-13  |w 2019-11-24  |y BK  |z Catalogado en:20170519  |k ART 
952 |0 0  |1 0  |3 erb  |4 0  |6 CH_864_000000000000000_ONE_2016  |7 0  |8 A  |9 483163  |a BIBEDU  |b BIBEDU  |i 5509637  |o Ch864 ONE 2016  |p 5509637  |r 2019-11-24  |w 2019-11-24  |y BK  |z Catalogado en:20181021  |k FIL